Focus (Record no. 78780)
[ view plain ]
| 000 -LEADER | |
|---|---|
| fixed length control field | 00916cab a22002175a 4500 |
| 001 - CONTROL NUMBER | |
| control field | L138085 |
| 008 - FIXED-LENGTH DATA ELEMENTS--GENERAL INFORMATION | |
| fixed length control field | 070515e20070512xxkdo f s 000 0 eng d |
| 035 ## - SYSTEM CONTROL NUMBER | |
| System control number | (Sirsi) u138085 |
| 041 0# - LANGUAGE CODE | |
| Language code of text/sound track or separate title | eng |
| 100 1# - MAIN ENTRY--PERSONAL NAME | |
| Personal name | Pilkington, Lisa |
| 245 00 - TITLE STATEMENT | |
| Title | Focus |
| Remainder of title | East Midlands update |
| 260 ## - PUBLICATION, DISTRIBUTION, ETC. | |
| Date of publication, distribution, etc. | 2007 |
| 490 ## - SERIES STATEMENT | |
| Series statement | Estates Gazette |
| Volume/sequential designation | (719) 12 May 2007, 105-129(8) |
| 520 ## - SUMMARY, ETC. | |
| Summary, etc. | Reports on the commercial and industrial property market. The distribution market is popular with investors, who are getting involved in projects at an earlier stage to minimise risk. There is increased activity in the office market and interest is expected from the public sector. HSBC's office prelet in Beeston is examined. Director Matthew Hunt is profiled. |
| 590 ## - LOCAL NOTE (RLIN) | |
| Local note | KA |
| 651 #4 - SUBJECT ADDED ENTRY--GEOGRAPHIC NAME | |
| Geographic name | EAST MIDLANDS |
| 690 ## - LOCAL SUBJECT ADDED ENTRY--TOPICAL TERM (OCLC, RLIN) | |
| Topical term or geographic name as entry element | PROPERTY-COMMERCIAL PROPERTY-COMMERCIAL PROPERTY MARKET |
| 700 1# - ADDED ENTRY--PERSONAL NAME | |
| Personal name | Jack, Simon |
| 700 1# - ADDED ENTRY--PERSONAL NAME | |
| Personal name | Halstead, Ian |
| 942 ## - ADDED ENTRY ELEMENTS (KOHA) | |
| Suppress in OPAC | 0 |
| Withdrawn status | Lost status | Source of classification or shelving scheme | Damaged status | Not for loan | Home library | Current library | Shelving location | Date acquired | Total Checkouts | Full call number | Barcode | Date last seen | Copy number | Price effective from | Koha item type |
|---|---|---|---|---|---|---|---|---|---|---|---|---|---|---|---|
| Dewey Decimal Classification | London | London | Journal article | 15/05/2007 | L138085 | 138085-1001 | 06/08/2019 | 1 | 06/08/2019 | Journal article |